000 00547nam a22001697a 4500
005 20251108171822.0
008 250721s1986 xx 000 0 ara d
082 1 4 _aط/621.81/شفي
100 1 _aمهدي، شفيق
245 1 0 _aالإنسان و الماكنة /
264 1 _aبغداد :
_bوزارة الثقافة و الإعلام - دار ثقافة الأطفال،
_c1986.
300 _a32ص
490 0 _aمكتبة الأطفال : السلسلة العلمية
650 1 7 _aالآلات
942 _2ddc
_cBK
999 _c63373
_d63373